000 00627nam a22002297a 4500
003 UA-OsUOA
001 95078
007 ta
008 20130225b un ||||| |||| 00| 0 ukr d
100 _aЗощенко М.
090 _a821.161.1
_bЗ-88
942 _cBK
040 _aUA-OsUOA
_brus
_cUA-OsUOA
_dUA-OsUOA
245 _aРассказы. Фельетоны. Комедии
300 _a380 с.
955 _a3
041 _arus
080 _a821.161.1
260 _aМ.
_bСоветский писатель
_c1962
650 7 _a82 Література. Літературознавство
_2UDC
999 _c381322
_d381322